Triple Crown Snooker Champions Quiz - Statistics

General Stats
  • This quiz has been taken 1,971 times
    665 since last reset
  • The average score is 26 of 36
Answer Stats
Answer % Correct
Ronnie O'Sullivan
99%
John Higgins
98%
Alex Higgins
97%
Mark Williams
96%
Stephen Hendry
96%
Judd Trump
95%
Mark Selby
94%
Steve Davis
94%
Shaun Murphy
93%
Kyren Wilson
92%
Neil Robertson
92%
Ding Junhui
90%
Luca Brecel
89%
Stuart Bingham
85%
Peter Ebdon
83%
Ken Doherty
82%
Ray Reardon
82%
Graeme Dott
81%
Jimmy White
79%
Dennis Taylor
77%
Mark Allen
74%
John Parrott
73%
Cliff Thorburn
70%
Paul Hunter
66%
Joe Johnson
62%
John Spencer
59%
Matthew Stevens
59%
Terry Griffiths
59%
Zhao Xintong
54%
Stephen Maguire
51%
John Virgo
50%
Yan Bingtao
44%
Alan McManus
42%
Doug Mountjoy
36%
Perrie Mans
28%
Patsy Fagan
21%
No matching quizzes found
Score Distribution
Percent of People with Each Score
Percentile by Number Answered
Your Score History
You have not taken this quiz since the last reset